Statistiques concernant Personnages célèbres - Série 60

Cliquez ici pour prendre le quiz!

Statistiques générales

  • Ce quiz a été pris 143 fois
  • Le résultat moyen est 8 sur 15

Statistiques - réponses

Réponse% Correct
Lagerfeld
87%
Damidot
84%
Zemmour
82%
Ladesou
67%
Scorsese
66%
Alagna
63%
Judor
62%
Sim
61%
Milano
58%
Bourgoin
51%
Reynolds
50%
Kinski
46%
Pieplu
36%
Thompson
28%
Ward
5%

Distribution des résultats

Percentile par nombre de réponses

% des personnes avec chaque résultat

Votre développement - résultats

Vous n’avez pas pris ce quiz